ნორმალური ფორმატი
MARC ფორმატი
ჩანაწერი Personal Name
ჩანაწერთა რაოდენობა, რომელიც გამოყენებულია: 1
001 - CONTROL NUMBER
- control field: 8421
003 - CONTROL NUMBER IDENTIFIER
- control field: GE_BSU
005 - DATE AND TIME OF LATEST TRANSACTION
- control field: 20200615135050.0
008 - FIXED-LENGTH DATA ELEMENTS
- fixed length control field: 200615|| aca||aabn | a|a d
040 ## - CATALOGING SOURCE
- Original cataloging agency: GE_BSU
- Transcribing agency: GE_BSU
100 ## - HEADING--PERSONAL NAME
- Personal name: Drake, Richard L.
670 ## - SOURCE DATA FOUND
- Source citation: Work cat.: (GE_BSU)0: Drake, Richard L., Gray's anatomy for students /
